000 01671cam a22004934i 4500
003 PE-LiUPU
005 20250731173015.0
008 150623s r 000 0 d
020 _a0198262094
035 _a(Sirsi) i9780198262091
040 _aPE-LiUPU
_bspa
_cPE-LiUPU
_erda
049 _aPRUA
082 0 4 _a224.06
_bP61
_221
100 1 _aSawyer, John F. A.,
_eautor.
245 1 0 _aProphecy and the biblical prophets /
_cJohn F.A. Sawyer.
264 1 _aNew York, NY :
_bOxford University Press,
_c1993.
300 _a180 páginas ;
_c20 centímetros
336 _atext
_2rdacontent
337 _aunmediated
_2rdamedia
338 _avolume
_2rdacarrier
490 0 _aThe Oxford Bible Series
504 _aIncluye bibliografía.
505 0 _aThe phenomenon of prophecy. -The prophetic literature. -The message of the prophets. -The prophets. -Prophecy and interpretation.
526 _aSEG42
526 _aSEG41
526 _aSEG40
526 _aSEG39
526 _aP94
526 _aP87
526 _aP86
526 _aP85
526 _aP77
526 _aP76
526 _aP35
630 _aBiblia.
_pA.T.
_pProfetas
_xCrítica, interpretación, etc.
650 0 4 _aProfetas.
700 1 _aSawyer, John F. A.,
_eed.
942 _2ddc
_cBOOK
949 _a224.06 P61
_wDEWEY
_c1
_i47267
_lCCODEBUL1
_mBUL
_r0
_sY
_tBOOK
_u2015-6-24
_xTEOLOGIA
_PP35
_0COMPRA
_o.STAFF. Colección General
994 _aC0
_bPEPRU
596 _a1
999 _a224.06 P61
_wDEWEY
_c23811
_i47267
_f2021-11-9
_g5
_lCCODEBUL1
_mBUL
_r0
_sY
_tBOOK
_u2015-6-24
_xTEOLOGIA
_PP35
_0COMPRA
_o.STAFF. Colección General
_d23811
980 _81
_gALBERTO SANCHEZ Responsable de Automatización